00724nam a22001697a 4500003000900000008004100009040007100050082002200121100004000143245008000183260003100263300002500294505017700319650002600496650002000522650001200542AR-CdUCM190411b ||||| |||| 00| 0 spa d aMUNICIPALIDAD PROVINCIAL DEL CUSCOcBIBLIOTECA MUNICIPAL DEL CUSCO aC / 348.6 / bC93 aCuadros y Villena, Carlos Ferdinand aLas relaciones individuales de trabajo en la legislación social peruana / aCuzo :bH.G. Rozas,c1959. a30 paginas ;c22 cm. aContenido : Etapas de evolución de la legislación social peruana -- Antecedentes colonial -- Desde la declaración de la independencia hasta la post-guerra de 1918... aLegislación Peruana aNormas Peruanas aTrabajo